000 00521cam a2200205ua 4500
001 10201
005 20260515114601.0
008 171011n ii |||gr||||Z||||||eng
020 _a9789327229165
040 _cMAIN
041 _aeng
082 _a004
100 _aGupta, Vikram,
_eAuthor.
245 _aComputer skill
_cBy Vikram Gupta and S.S. Bhatia
260 _aLudhiana:
_bKalyani,
_c2015.
300 _a16:17.
653 _aData processing & computer science
700 _aBhatia, S.S.,
_eAuthor.
942 _cBK
999 _c9189
_d9189